[Event "TUR-chT 1st League"]
[Site "Konya"]
[Date "2022.08.24"]
[Round "4.8"]
[White "Civi, Ahmet Eren"]
[Black "Atik, Muhammed Ihsan"]
[Result "0-1"]
[WhiteElo "1227"]
[BlackElo "1583"]
[PlyCount "104"]
[EventDate "2022.08.22"]
[EventType "team-swiss"]
[EventRounds "9"]
[EventCountry "TUR"]
[SourceTitle "CBM 209 Extra"]
[Source "ChessBase"]
[SourceDate "2022.09.30"]
[SourceVersion "1"]
[SourceVersionDate "2022.09.30"]
[SourceQuality "1"]
[WhiteTeam "Denizli Metin Surmeli"]
[BlackTeam "Olbia Satranc"]
[WhiteTeamCountry "TUR"]
[BlackTeamCountry "TUR"]

1. d4 Nf6 2. Nf3 g6 3. Bf4 Bg7 4. e3 d6 5. h3 0-0 6. Bd3 Nc6 7. c4 Re8 8. d5 e5 9. Bg5 Ne7 10. e4 h6 11. Be3 Nh5 12. Qd2 Kh7 13. g4 Nf4 14. Bxf4 exf4 15. Nc3 g5 16. 0-0-0 Ng6 17. Rdg1 Bf6 18. h4 gxh4 19. e5 dxe5 20. Ne4 Bg5 21. Nxh4 Bxh4 22. g5 Kg7 23. Nf6 Bxg5 24. Nxe8+ Qxe8 25. Qc3 Qe7 26. Re1 f5 27. Kb1 Bd7 28. Be2 Re8 29. Bh5 Qf6 30. Qa5 Qb6 31. Qc3 Qf6 32. Qa5 Qb6 33. Qc3 Qxf2 34. Rhg1 Qd4 35. Qb4 b6 36. Rd1 Qe3 37. d6 c5 38. Qd2 Qxd2 39. Rxd2 f3 40. Rf2 e4 41. Kc2 Re6 42. Rd1 Nf4 43. Bxf3 exf3 44. Rxf3 Ne2 45. Rf2 Nd4+ 46. Kc3 Rxd6 47. Re1 Bh4 48. Rg2+ Rg6 49. Rxg6+ Kxg6 50. Rg1+ Bg5 51. b4 f4 52. bxc5 Ne2+ 0-1